江戸幕府の征夷大将軍 - Statistics

General Stats
  • This quiz has been taken 10 times
  • The average score is 13 of 15
Answer Stats
名前(徳川) % Correct
1 家康
100%
2 秀忠
100%
3 家光
100%
4 家綱
100%
5 綱吉
100%
8 吉宗
100%
12 家慶
100%
15 慶喜
100%
14 家茂
89%
10 家治
78%
6 家宣
67%
7 家継
67%
9 家重
67%
11 家斉
67%
13 家定
67%
No matching quizzes found
Score Distribution
Percent of People with Each Score
Percentile by Number Answered
Your Score History
You have not taken this quiz